01654 2200277 4500001002100000005001500021035002000036008004100056020001800097041000800115082001200123084001800135100002100153245005000174250000800224260003100232300003700263500001900300520086800319650003701187650003601224650003801260700002601298990002601324990002601350INLIS00000000000411620221109100119 a0010-0520004116221109 | | eng  a9781418016890 aeng a347.735 a347.735 HAR l0 aHart, William M.1 aLitigation & Trial Pratice /cWilliam M. Hart a6th aNew York :bThomson,c2007 aXIii ; 617 p. ; 24,7cm ;c24,7cm aIndeks : Index aThis book provides comprehensive coverage of the civil litigation practice for paralegals. This thoroughly revised text covers the litigation process from the pre-suit investigation to the appeal. It provides detailed information on how to assist the attorney at each phase as well as why each step is important to the client?s success. Important topics such as litigation principles, lawyer and client relationship and ethics, gathering evidence, depositions, preparation for a civil trial, structure of a civil trial, judgments, appeals, and more are discussed in detail. A case study feature appears throughout the book and provides valuable opportunities for students to learn the practical, real-life application of the concepts presented. The book also provides samples of the documents a litigation paralegal student will most often be required to prepare. 4a1. Civil Procedure-United States 4a2. Trial Practice-United States 4a3. Legal Assistants-United States0 aRoderick D. Blanchard a06647/MKRI-P/XII-2007 a06647/MKRI-P/XII-2007